000 00320nam a2200121Ia 4500
008 190216s9999||||xx |||||||||||||| ||und||
100 _aRastogi R P
 Misra R R
245 3 _aAn Introduction To Chemical Themodynamics
260 _bVikas Publishing House
_c1978
300 _a627p
650 _aPhysics
942 _cBK
999 _c33337
_d33337